| 000 | 00460nam a2200193Ia 4500 | ||
|---|---|---|---|
| 008 | 170918s9999 xx 000 0 und d | ||
| 020 | _a43940150X | ||
| 050 | _bB218ha 2002 | ||
| 100 | _aBanks, Cameron | ||
| 245 | _aAmerica's most haunted / | ||
| 245 | _cby Cameron Banks. | ||
| 260 | _aNew York : | ||
| 260 | _bScholastic, | ||
| 260 | _c2002 | ||
| 300 | _a71 pages : | ||
| 300 | _billustrations ; | ||
| 300 | _c19cm. | ||
| 300 | _eHaunted history. | ||
| 999 |
_c343942 _d343942 |
||